[Event "FRA-chT4"]
[Site "France"]
[Date "2013.01.27"]
[Round "5"]
[White "Da Costa, Manuel"]
[Black "Durant, Christophe"]
[Result "0-1"]
[WhiteElo "1886"]
[BlackElo "1938"]
[PlyCount "120"]
[EventDate "2012.10.24"]
[EventType "team-swiss"]
[EventRounds "9"]
[EventCountry "FRA"]
[SourceTitle "EXT 2014"]
[Source "ChessBase"]
[SourceDate "2013.11.20"]
[SourceVersion "1"]
[SourceVersionDate "2013.11.20"]
[SourceQuality "1"]

1. b3 d5 2. Bb2 Nf6 3. e3 Bf5 4. f4 e6 5. Nf3 Nbd7 6. d3 Bc5 7. Bd4 Bg4 8. Bxc5 Nxc5 9. Be2 Bxf3 10. Bxf3 Qe7 11. Nd2 Rd8 12. 0-0 0-0 13. Re1 Qd6 14. g3 Na6 15. a3 Rfe8 16. Nf1 h6 17. Kg2 e5 18. fxe5 Rxe5 19. Qd2 c6 20. b4 Nc7 21. Rad1 d4 22. exd4 Qxd4 23. Rxe5 Qxe5 24. Re1 Qd6 25. Ne3 Ne6 26. Nf5 Qd7 27. Qf2 a6 28. Qb6 Nd5 29. Qf2 Nef4+ 30. gxf4 Nxf4+ 31. Kh1 Qxf5 32. Be4 Qf6 33. Rf1 Nd5 34. Qg1 Qg5 35. Qa7 Qe7 36. Qf2 Nf6 37. Qh4 Re8 38. Bg2 Qe2 39. Qg3 Nd5 40. Qf3 Qxf3 41. Bxf3 Re5 42. Bxd5 Rxd5 43. Re1 Kf8 44. Re3 Rg5 45. c4 f6 46. d4 Rg4 47. Rd3 Ke7 48. h3 Re4 49. Kg2 g5 50. Kf3 Rf4+ 51. Kg3 Re4 52. a4 f5 53. b5 cxb5 54. axb5 axb5 55. c5 Kd7 56. Kf3 Kc7 57. d5 b4 58. d6+ Kd7 59. Rd5 b3 60. Rd3 Rb4 0-1

[Event "Noisy le Grand op"]
[Site "Noisy le Grand"]
[Date "2003.??.??"]
[Round "5"]
[White "Da Costa, Manuel"]
[Black "Hargoues Turon, Emile"]
[Result "1-0"]
[WhiteElo "1300"]
[BlackElo "1320"]
[PlyCount "61"]
[EventDate "2003.05.??"]
[EventType "swiss"]
[EventRounds "7"]
[EventCountry "FRA"]
[SourceTitle "EXT 2005"]
[Source "ChessBase"]
[SourceDate "2004.11.15"]
[SourceVersion "1"]
[SourceVersionDate "2004.11.15"]
[SourceQuality "1"]

1. e4 e5 2. d4 Nf6 3. Bc4 Nxe4 4. Nf3 d5 5. Bb3 c5 6. Nxe5 f6 7. Qh5+ g6 8. Nxg6 hxg6 9. Qxh8 cxd4 10. 0-0 Bf5 11. Bh6 Qd6 12. Re1 Nd7 13. Bxf8 Nxf8 14. f3 0-0-0 15. fxe4 Ne6 16. Qxf6 dxe4 17. Nd2 Qc6 18. Qe5 Nc7 19. Nxe4 Re8 20. Qc5 Bxe4 21. Qxc6 bxc6 22. Re2 Nb5 23. Bf7 Re7 24. Bxg6 Nd6 25. Bxe4 Rxe4 26. Rae1 Rxe2 27. Rxe2 Kb7 28. g4 Kb6 29. h4 Nc4 30. g5 Nxb2 31. g6 1-0

[Event "FRA-chT4 0102"]
[Site "Champagne Ardenne"]
[Date "2001.10.14"]
[Round "1"]
[White "Da Costa, Manuel"]
[Black "Lherbier, Xavier"]
[Result "1-0"]
[WhiteElo "1700"]
[BlackElo "1940"]
[PlyCount "77"]
[EventDate "2002.10.??"]
[EventType "team"]
[EventRounds "7"]
[EventCountry "FRA"]
[SourceTitle "EXT 2005"]
[Source "ChessBase"]
[SourceDate "2004.11.15"]
[SourceVersion "1"]
[SourceVersionDate "2004.11.15"]
[SourceQuality "1"]

1. Nf3 d6 2. d4 g6 3. e4 Bg7 4. Nc3 Nc6 5. Bc4 Bg4 6. Be3 Qc8 7. h3 Bd7 8. Ng5 e6 9. d5 Ne5 10. Bd4 h6 11. Bxe5 Bxe5 12. dxe6 fxe6 13. Nf3 Bg7 14. Qd3 Ne7 15. 0-0-0 a6 16. Rhe1 b5 17. Bb3 Qb7 18. a3 a5 19. Nd4 Bxd4 20. Qxd4 0-0 21. Ne2 a4 22. Ba2 Kh7 23. c3 Ra6 24. Qe3 c5 25. Nf4 b4 26. Rd2 bxa3 27. bxa3 Rb8 28. Kd1 Rb6 29. Ke2 Rb2 30. Kf1 e5 31. Nd5 Nxd5 32. Bxd5 Qc7 33. Rxb2 Rxb2 34. Qf3 Bb5+ 35. c4 Ba6 36. Qf8 h5 37. Bg8+ Kh8 38. Bf7+ Kh7 39. Qg8+ 1-0

[Event "FRA-chT4 0001"]
[Site "Champagne Ardenne"]
[Date "2000.11.19"]
[Round "2"]
[White "Da Costa, Manuel"]
[Black "Veillerette, Patrick"]
[Result "1/2-1/2"]
[WhiteElo "1730"]
[BlackElo "1850"]
[PlyCount "113"]
[EventDate "2001.10.??"]
[EventType "team"]
[EventRounds "7"]
[EventCountry "FRA"]
[SourceTitle "EXT 2005"]
[Source "ChessBase"]
[SourceDate "2004.11.15"]
[SourceVersion "1"]
[SourceVersionDate "2004.11.15"]
[SourceQuality "1"]

1. Nf3 Nf6 2. g3 e6 3. Bg2 d5 4. 0-0 Be7 5. d4 0-0 6. Nc3 b6 7. Bf4 a6 8. Qd3 Bb7 9. Rfe1 Nbd7 10. Bg5 h6 11. Bxf6 Nxf6 12. e3 c5 13. Qd1 cxd4 14. exd4 b5 15. a3 Qc7 16. Ne2 Rfc8 17. c3 a5 18. Rc1 Rab8 19. Bh3 Qb6 20. Ne5 Rc7 21. Nf4 Bc8 22. Qf3 Bd6 23. Nh5 Nxh5 24. Qxh5 Bxe5 25. Qxe5 Bd7 26. Re3 Rbc8 27. Rf3 b4 28. axb4 axb4 29. Qf4 Be8 30. Qd2 Qb5 31. Qe1 bxc3 32. bxc3 Rc4 33. Ra1 Ra4 34. Rxa4 Qxa4 35. Bxe6 Rd8 36. Bh3 Bb5 37. Re3 Bd7 38. Bg2 Be6 39. f4 Rb8 40. h3 Qa2 41. Re2 Qa3 42. g4 Qa5 43. Re5 Qa2 44. Re2 Qa5 45. Qc1 Rb3 46. Qe1 Rxc3 47. Rc2 Ra3 48. Qxa5 Rxa5 49. f5 Bd7 50. Rc5 Rxc5 51. dxc5 d4 52. c6 Bc8 53. Kf2 h5 54. Bf1 hxg4 55. hxg4 Kf8 56. Kf3 Ke7 57. Ke4 1/2-1/2